Loading...
| Literature - British Literature | 0 | 5 | 0 | 0 | 50 | 54 | 92.20 | 0 | 4 |
| Literature - World/Other Literature | 0 | 5 | 0 | 0 | 50 | 68 | 103.20 | 0 | 2 |
| Literature - European Literature | 0 | 5 | 0 | 0 | 50 | 46 | 58.00 | 1 | 5 |
| Fine Arts - Visual Fine Arts | 0 | 5 | 0 | 0 | 50 | 85 | 113.40 | 0 | 1 |
| Literature - American Literature | 0 | 4 | 0 | 0 | 40 | 68 | 80.25 | 0 | 3 |
| Science - Chemistry | 0 | 4 | 1 | 0 | 35 | 62 | 92.50 | 0 | 3 |
| Science - Other Science | 0 | 3 | 0 | 0 | 30 | 73 | 97.67 | 0 | 0 |
| Science - Physics | 0 | 3 | 1 | 0 | 25 | 87 | 95.00 | 0 | 1 |
| Mythology | 0 | 2 | 0 | 0 | 20 | 127 | 131.50 | 0 | 0 |
| Religion | 0 | 2 | 0 | 0 | 20 | 106 | 111.00 | 0 | 1 |
| Social Science | 0 | 1 | 0 | 0 | 10 | 71 | 71.00 | 0 | 1 |
| History - World History | 0 | 1 | 0 | 0 | 10 | 72 | 72.00 | 0 | 0 |
| Philosophy | 0 | 1 | 0 | 1 | 10 | 128 | 128.00 | 0 | 0 |
| Fine Arts - Classical Music | 0 | 1 | 0 | 1 | 10 | 138 | 138.00 | 0 | 0 |
| Science - Biology | 0 | 1 | 1 | 0 | 5 | 106 | 106.00 | 0 | 0 |